000 00191 a2200097 4500
020 _a9789500715553
041 _aspa
100 _aPoniatowska, Elena
245 _aDe noche vienes
942 _cBK
999 _c29962
_d29960